000 00947nam a22002897a 4500
001 00722
003 DO-SdBPM
005 20250407081917.0
007 00722
008 160705b2010 sp |||| 00| 0 spa d
020 _a9788466322805
040 _aDO-SdBPM
_bspa
_cBPMSU
082 4 _a823
_bC319al 2010
_222
100 1 _aCarroll, Lewis,
_d1832-1898
240 1 0 _aAlice's adventures in Wonderland
_lEspañol
245 1 0 _aAlicia en el país de las maravillas /
_cLewis Carroll ; traducción Jaime de Ojeda
260 _aMadrid :
_bSantillana Ediciones Generales,
_c2010.
300 _a148 p. :
_bil. ;
_c19 cm.
490 0 _aPunto de lectura,
_v17
590 _aInventariado, 2025/VM
650 4 _aNovela juvenil inglesa
_ySiglo XIX
650 4 _aLiteratura Juvenil inglesa
_ySiglo XIX
650 4 _aFantasía
_vNovela juvenil
700 1 _aOjeda, Jaime de,
_dtraductor
910 _aVMateo V. Control de calidad BPMSU
942 _2ddc
_cBK
999 _c10682
_d10682